000 01573cam a22002775a 4500
001 L143326
002 17294
008 080425s2008 xxk f 001 0 eng d
020 _a9781842194058
035 _a(Sirsi) u143326
041 0 _aeng
050 0 4 _a346.410434 $2 18
100 1 _aDavey, Francis
245 0 4 _aThe Housing Act 2004 and residential lettings
_ba practical guide
260 _aCoventry
_bRICS Books
_c2008
300 _axii, 240p.
_c24cm.
505 2 _aThe housing health and safety rating system -- Houses in multiple occupation and licensing -- Control provisions -- Tenancy deposit protection -- The residential property tribunal
520 _aOffers advice and help on dealing with all aspects of the Housing Act 2004 relating to residential letting practices. Describes the requirements and procedures under the Act. Aims guidance at letting agents, property managers and landlords. Highlights critical pitfalls, errors and loopholes. Suggests ways in which these can be either avoided or exploited. Describes the real world application of sections of the Act. Covers operating and enforcement guidance published by the government, and how local authorities and tribunals have responded to this.
590 _aKA
650 2 4 _aHOUSING ACT 2004
650 2 4 _aLICENSING AND MANAGEMENT OF HOUSES IN MULTIPLE OCCUPATION AND OTHER HOUSES (MISCELLANEOUS PROVISIONS) (ENGLAND) REGULATIONS 2006
651 4 _aUnited Kingdom
_y
690 _aPROPERTY-RESIDENTIAL PROPERTY-RESIDENTIAL LANDLORD AND TENANT
700 1 _aSmith, David
942 _n0
999 _c108117
_d108117